Directory multilateral and bilateral sources of financing for tourism development

Αποθηκεύτηκε σε:
Λεπτομέρειες βιβλιογραφικής εγγραφής
Συγγραφή απο Οργανισμό/Αρχή: World Tourism Organization
Μορφή: Βιβλίο
Γλώσσα:English
Δημοσίευση: Madrid : World Tourism Organization, 1996
Θέματα:
Ετικέτες: Προσθήκη ετικέτας
Δεν υπάρχουν, Καταχωρήστε ετικέτα πρώτοι!

MARC

LEADER 00000cam a2200000 i 4500
001 1/84853
008 050906s1996 eng d
020 |a 92-844-0134-8 
035 |l 10080125 
040 |a GR-MY-UA  |b gre  |e aacr 
041 0 |a eng 
082 0 |a 338.4791  |2 (22) 
110 2 |a World Tourism Organization. 
245 1 0 |a Directory multilateral and bilateral sources of financing for tourism development /  |c World Tourism Organization 
260 |a Madrid :   |b World Tourism Organization,   |c 1996 
300 |a 1τ. (ποικίλες σελιδαριθμήσεις);  |c 21 εκ. 
504 |a Περιλαμβάνει γλωσσάρι 
650 0 0 |a Tourism  |x Finance  |x Directories. 
852 |a INST  |b CHIOS  |e 20050906  |h 338.4791 WOR  |p 005200024767  |q 005200024767  |t BK  |y 0 
901 |a BIBL2-2005-2 
909 |a Χ  |b 118869 
970 |a ΧΑΖΙΡΗ  |b ΑΝΝΑ  |z 2005/09/06